Did The New England Patriots Have A Winning Record That Year? - Statistics

General Stats
  • This quiz has been taken 15 times
  • The average score is 23 of 57
Answer Stats
Question Answer % Correct
2013-2014 Winning
88%
2014-2015 Winning
88%
2015-2016 Winning
88%
2016-2017 Winning
88%
2022-2023 Losing
75%
2001-2002 Winning
75%
2002-2003 Winning
75%
2003-2004 Winning
75%
2004-2005 Winning
75%
2005-2006 Winning
75%
2006-2007 Winning
75%
2007-2008 Winning
75%
2009-2010 Winning
75%
2010-2011 Winning
75%
2011-2012 Winning
75%
2012-2013 Winning
75%
2017-2018 Winning
75%
2018-2019 Winning
75%
2019-2020 Winning
75%
1967-1968 Losing
63%
2008-2009 Winning
63%
1996-1997 Winning
50%
1997-1998 Winning
50%
2021-2022 Winning
50%
1990-1991 Losing
38%
1991-1992 Losing
38%
1993-1994 Losing
38%
1986-1987 Winning
38%
1968-1969 Losing
25%
1969-1970 Losing
25%
1970-1971 Losing
25%
1973-1974 Losing
25%
1992-1993 Losing
25%
1995-1996 Losing
25%
2020-2021 Losing
25%
1980-1981 Winning
25%
1984-1985 Winning
25%
1985-1986 Winning
25%
1971-1972 Losing
13%
1972-1973 Losing
13%
1975-1976 Losing
13%
1981-1982 Losing
13%
1989-1990 Losing
13%
1978-1979 Winning
13%
1979-1980 Winning
13%
1982-1983 Winning
13%
1987-1988 Winning
13%
1988-1989 Winning
13%
1994-1995 Winning
13%
1998-1999 Winning
13%
2000-2001 Losing
0%
1974-1975 Neither
0%
1983-1984 Neither
0%
1999-2000 Neither
0%
1966-1967 Winning
0%
1976-1977 Winning
0%
1977-1978 Winning
0%
No matching quizzes found
Score Distribution
Percent of People with Each Score
Percentile by Number Answered
Your Score History
You have not taken this quiz